Statistics for Novels by Authors

Click here to take the quiz!

General Stats

  • This quiz has been taken 360 times
  • The average score is 15 of 22

Answer Stats

NovelAuthor% Correct
1984George Orwell
99%
Pride and PrejudiceJane Austen
98%
The Lord of the RingsJ. R. R. Tolkien
94%
David CopperfieldCharles Dickens
93%
Jane EyreCharlotte Brontë
93%
Les MisérablesVictor Hugo
93%
War and PeaceLeo Tolstoy
92%
The Adventures of Tom SawyerMark Twain
92%
The Picture of Dorian GrayOscar Wilde
85%
The RavenEdgar Allan Poe
83%
UlyssesJames Joyce
82%
Crime and PunishmentFyodor Dostoyevsky
80%
The Little MermaidHans Christian Andersen
73%
The MetamorphosisFranz Kafka
71%
Mrs DallowayVirginia Woolf
62%
The StrangerAlbert Camus
52%
The Kite RunnerKhaled Hosseini
45%
The Tin DrumGünter Grass
30%
Norwegian WoodHaruki Murakami
28%
Pippi LongstockingAstrid Lindgren
25%
SnowOrhan Pamuk
6%
The Blind OwlSadegh Hedayat
5%

Score Distribution

Percentile by Number Answered

Percent of People with Each Score

Your Score History

You have not taken this quiz